00489nam a2200157 i 4500001000300000100001300003245008800016250001100104260002600115700001900141700001600160040000800176041000800184008004100192856009800233bg1 aUJMA, J. 0aĆwiczenia laboratoryjne z chemii ogólnej /cJ. Ujma, K. Błaszczyk, B. Kubicka. aWyd.2. aCzęstochowa,c1982.1 aBŁASZCZYK, K.1 aKUBICKA, B. cBPK apol s pl f |000 0 pol  uhttp://koha.tu.koszalin.pl/cgi-bin/koha/opac-detail.pl?biblionumber=21240yKatalog online BPK